000 00623cam a22002051 4500
001 BD-DhSAU 6723
003 BD-DhSAU
005 20150513114322.0
008 750926s1951 nyua b 000 0 eng c
040 _aBD-DhSAU
082 _a633.08
_222
_bPAI
100 1 _aPainter, Reginald Henry,
245 1 0 _aInsect resistance in crop plants /
_cReginald Henry Painter,
260 _aNew York :
_bMacmillan ,
_c1951.
300 _axi, 520 p.:
_bill. ;
_c22 cm.
504 _aIncludes bibliographies and index
590 _aIMRAN
650 0 _aField crops
_xDisease and pest resistance.
650 0 _aInsect pests
_zUnited States.
942 _2ddc
_cBOOK
999 _c6723
_d6723